00669 2200181 4500001002100000005001500021007000300036008003900039035002000078082002100098084002700119100001600146245020700162260004800369300001600417650002100433856003300454INLIS00000000000322120201202101709ta201202 | | |  a0010-1220000004 a613.072 598 15 5 a613.072 598 15 5 HEN s0 aHENDRIYALDI1 aSKRIPSI:FAKTOR-FAKTOR YANG MEMPENGARUHI LINGKUNGAN DALAM RUMAH TERHADAP ISPA PADA BALITA DI KELURAHAN TANJUNG SOLOK WILAYAH KERJA PUSKESMAS KAMPUNG LAUT KABUPATEN TANJUNG TIMUR TAHUN 2019 /cHENDRIYALDI aJambi :bUniversitas Adiwangsa Jambi,c2020 a- :b- ;c- aISPA pada balita aSKRIPSI KESEHATAN MASYARAKAT